00329nam a2200121Ia 4500008004100000020001500041041000800056100001900064260005500083245004100138300000800179700002000187220805s9999 xx 000 0 und d a8173421226 aeng aChitnis, Vijay bCentral Institute of Indian languages Mysorec2004 aAn intesive course reader in marathi a694 aBelwalkar,Suman